Towards freedom, 1937-47 (Record no. 346480)

000 -LEADER
fixed length control field 00506cam a22001457a 4500
008 - FIXED-LENGTH DATA ELEMENTS--GENERAL INFORMATION
fixed length control field 180718b1985 xxu||||| |||| 00| 0 eng d
082 ## - DEWEY DECIMAL CLASSIFICATION NUMBER
Classification number A6x54 C74
245 ## - TITLE STATEMENT
Title Towards freedom, 1937-47
Statement of responsibility, etc. edited by P.N. Chopra
260 ## - PUBLICATION, DISTRIBUTION, ETC.
Place of publication, distribution, etc. Delhi
Name of publisher, distributor, etc. Indian Councilof Historical Research
Date of publication, distribution, etc. 1985
300 ## - PHYSICAL DESCRIPTION
Extent v.
500 ## - GENERAL NOTE
General note Contents: v.1. Experiment with provincial autonomy, 1 Jan - 31 Dec 1937. 1358p.
650 ## - SUBJECT ADDED ENTRY--TOPICAL TERM
Topical term or geographic name entry element India - History
700 ## - ADDED ENTRY--PERSONAL NAME
Personal name Indian Council of Historical Research, New Delhi
700 ## - ADDED ENTRY--PERSONAL NAME
Personal name Chopra, P.N.
Holdings
Withdrawn status Lost status Damaged status Not for loan Permanent Location Current Location Date acquired Full call number Barcode Date last seen Price effective from Koha item type
        Indian Institute of Public Administration Indian Institute of Public Administration 1993-10-11 A6x54 C74 61654 2018-07-21 2018-07-21 Book

Powered by Koha